00711nam a22001937a 4500999001900000005001700019010001500036020002600051035001400077037000900091082001500100100002200115245004900137260005400186270009000240300003300330942002900363952012500392 c186039d18603920220214105959.0 aENG-131559 a9788192997445c950.00 aEN-115091 bDBAD a342.540853 aMishra, Saroj Kr. aRTI and Modern Journalism/cSaroj Kr. Mishra aNoidabDisha International Publishing Housec2018 a88, Bhunna Taga P.S. Rabapura, bNoidae203209mdishainterntionalpublishing@gmail.com avii, 260p.bIndexc22cm(hbk) 2ddccENh342.540853mMIS 001040708NFICaBNbBNd2022-02-14eDBAD/PUBg950.00l0o342.540853 MISpEN-115091r2022-02-14 00:00:00t1v950.00yEN